|
|
|
|
| LEADER |
00000nab a2200000 a 4500 |
| 001 |
vtls000076016 |
| 003 |
SK-MaSNL |
| 005 |
20260303021849.0 |
| 008 |
160201c1980 xo 0 cze |
| 015 |
|
|
|a SNBRA19rr/mm-uuuuu
|
| 035 |
|
|
|a CL0086117
|
| 040 |
|
|
|a SNKBUCL
|b slo
|c SNKBUCL
|e AACR2
|
| 041 |
0 |
|
|a cze
|
| 044 |
|
|
|a xo
|c SK
|
| 080 |
|
|
|a 582
|2 1981
|
| 080 |
|
|
|a 551.7
|2 1981
|
| 100 |
1 |
|
|a Rybníčková, Eliška,
|d 1932-
|4 aut
|9 6704
|
| 245 |
1 |
0 |
|a Nástup a zastoupení dřevin v postglaciálu Československa
|c Eliška Rybníčková, Kamil Rybníček
|
| 300 |
|
|
|b Obr. 2. Res. angl.
|
| 650 |
0 |
7 |
|a dreviny
|2 snkbucl
|9 18801
|
| 655 |
|
7 |
|a články zo zborníkov
|2 snkbucl
|9 166140
|
| 700 |
1 |
|
|a Rybníček, Kamil,
|d 1933-
|4 aut
|9 6705
|
| 773 |
0 |
|
|t Zborník referátov z III. zjazdu Slovenskej botanickej spoločnosti pri SAV
|d Bratislava : Slovenská botanická spoločnosť pri SAV, 1980
|g S. 109-115
|
| 850 |
|
|
|a Slovenská národná knižnica v Martine
|a MTA001
|
| 852 |
|
|
|a SNK
|b KIS3GCP
|
| 958 |
|
|
|a RK
|
| 958 |
|
|
|a CZ
|
| 992 |
|
|
|a RZB
|
| 999 |
|
|
|c 1625539
|d 1627469
|